Высокие технологии в современной науке и технике (Запись № 9945505)

Подробности
000 -МАРКЕР
контрольное поле 02297nam1a2200313 i 4500
001 - ИДЕНТИФИКАТОР ЗАПИСИ
контрольное поле RU\NLR\BIBL_A\010104652
005 - ИДЕНТИФИКАТОР ВЕРСИИ
контрольное поле 20241103132454.0
010 ## - МЕЖДУНАРОДНЫЙ СТАНДАРТНЫЙ НОМЕР КНИГИ (ISBN)
Номер (ISBN) 9785438702207
035 ## - ДРУГИЕ СИСТЕМНЫЕ НОМЕРА
Идентификатор записи (NLR Aleph) 010104652
100 ## - ДАННЫЕ ОБЩЕЙ ОБРАБОТКИ
Данные общей обработки 20131206g20139999k y0rusy50 ca
101 0# - ЯЗЫК РЕСУРСА
Язык текста, звукозаписи и т.д. русский
102 ## - СТРАНА ПУБЛИКАЦИИ ИЛИ ПРОИЗВОДСТВА
Страна публикации Российская Федерация
105 ## - ПОЛЕ КОДИРОВАННЫХ ДАННЫХ: ТЕКСТОВЫЕ МАТЕРИАЛЫ, МОНОГРАФИЧЕСКИЕ
Кодированные данные о монографическом текстовом документе z||||||
200 1# - ЗАГЛАВИЕ И СВЕДЕНИЯ ОБ ОТВЕТСТВЕННОСТИ
Основное заглавие Высокие технологии в современной науке и технике
Сведения, относящиеся к заглавию сборник научных трудов II Всероссийской научно-технической конференции молодых ученых, аспирантов и студентов с международным участием "Высокие технологии в современной науке и технике" ВТСНТ-2013, 27-29 марта 2013 г.
-- в 2 т.
Первые сведения об ответственности [редкол.: В.В. Лопатин, д.ф.-м.н., проф., А.Н. Яковлев, к.ф.-м.н.]
210 ## - ПУБЛИКАЦИЯ, РАСПРОСТРАНЕНИЕ И ДР.
Место издания, распространения и т.д. Томск
Имя издателя, распространителя и т. д. Национальный исследовательский Томский политехнический университет
Дата издания, распространения и т.д. 2013
215 ## - ФИЗИЧЕСКАЯ ХАРАКТЕРИСТИКА
Размеры 29
300 ## - ОБЩИЕ ПРИМЕЧАНИЯ
Текст примечания В надзаг.: М-во образования и науки Рос. Федерации, Федер. гос. бюджет. образоват. учреждение высш. проф. образования "Нац. исслед. Томск. политехн. ун-т"
606 ## - НАИМЕНОВАНИЕ ТЕМЫ КАК ПРЕДМЕТ
Наименование темы Технологические процессы
Формальный подзаголовок Сборники
Системный номер авторитетной/нормативной записи 1963949
Идентификатор авторитетной/нормативной записи RU\NLR\AUTH\66899282
606 ## - НАИМЕНОВАНИЕ ТЕМЫ КАК ПРЕДМЕТ
Наименование темы Инновации научные
Формальный подзаголовок Сборники
Системный номер авторитетной/нормативной записи 2092891
Идентификатор авторитетной/нормативной записи RU\NLR\AUTH\661266599
686 1# - ИНДЕКСЫ ДРУГИХ КЛАССИФИКАЦИЙ
Индекс Ж6я43
686 1# - ИНДЕКСЫ ДРУГИХ КЛАССИФИКАЦИЙ
Индекс Ч21я43
702 #1 - ИМЯ ЛИЦА - ВТОРИЧНАЯ ОТВЕТСТВЕННОСТЬ
Начальный элемент ввода Лопатин
Часть имени, кроме начального элемента ввода В. В.
Расширение инициалов личного имени Владимир Васильевич
Код отношения Редактор
711 12 - НАИМЕНОВАНИЕ ОРГАНИЗАЦИИ - АЛЬТЕРНАТИВНАЯ ОТВЕТСТВЕННОСТЬ
Начальный элемент ввода "Высокие технологии в современной науке и технике", всероссийская научно-техническая конференция молодых ученых, аспирантов и студентов с международным участием
Порядковый номер временной организации и / или порядковый номер ее части 2
Место проведения временной организации Томск
Дата проведения временной организации 2013
Системный номер авторитетной/нормативной записи 385397
Идентификатор авторитетной/нормативной записи RU\NLR\AUTH\880358995
852 ## - МЕСТОНАХОЖДЕНИЕ И ШИФР ХРАНЕНИЯ
Идентификатор организации NLR
Шифр хранения (Call Number) 2013-8/3553
942 ## - ДОПОЛНИТЕЛЬНЫЕ ЭЛЕМЕНТЫ ЗАПИСИ (АБИС)
Тип экземпляра АБИС Книга
980 ## - КОЛЛЕКЦИЯ
Название коллекции НБР

Нет доступных экземпляров.